QTLs detection for growth and initial latex production in rubber (Hevea brasiliensis) (Record no. 66146)

MARC details
000 -LEADER
fixed length control field 00957nam a2200313Ia 4500
100 ## - MAIN ENTRY--AUTHOR NAME
Personal name Rattanawong R
245 #0 - TITLE STATEMENT
Title QTLs detection for growth and initial latex production in rubber (Hevea brasiliensis)
260 ## - PUBLICATION, DISTRIBUTION, ETC. (IMPRINT)
Name of publisher IRRDB Natural Rubber Conference 2008, 13-15 October 2008, Kuala Lumpur, Malaysia: Abstract of papers
500 ## - GENERAL NOTE
General note Source Year: 2008
650 ## - SUBJECT ADDED ENTRY--TOPICAL TERM
Topical Term Ethephon stimulation
650 ## - SUBJECT ADDED ENTRY--TOPICAL TERM
Topical Term Genetic correlations
650 ## - SUBJECT ADDED ENTRY--TOPICAL TERM
Topical Term Genetic linkage map
650 ## - SUBJECT ADDED ENTRY--TOPICAL TERM
Topical Term Growth
650 ## - SUBJECT ADDED ENTRY--TOPICAL TERM
Topical Term Heritability
650 ## - SUBJECT ADDED ENTRY--TOPICAL TERM
Topical Term Latex diagnostic
650 ## - SUBJECT ADDED ENTRY--TOPICAL TERM
Topical Term Latex production
650 ## - SUBJECT ADDED ENTRY--TOPICAL TERM
Topical Term Marker assisted selection
650 ## - SUBJECT ADDED ENTRY--TOPICAL TERM
Topical Term Plugging index
650 ## - SUBJECT ADDED ENTRY--TOPICAL TERM
Topical Term Quantitative Trait Loci (QTLs)
700 ## - ADDED ENTRY--PERSONAL NAME
Personal name Clement-Demange A
700 ## - ADDED ENTRY--PERSONAL NAME
Personal name Kasemsap P
700 ## - ADDED ENTRY--PERSONAL NAME
Personal name Lekawipat N
700 ## - ADDED ENTRY--PERSONAL NAME
Personal name Prapan K
700 ## - ADDED ENTRY--PERSONAL NAME
Personal name Seguin M
700 ## - ADDED ENTRY--PERSONAL NAME
Personal name Teerawatannasuk K
856 ## - ELECTRONIC LOCATION AND ACCESS
Uniform Resource Identifier Abst only
942 ## - ADDED ENTRY ELEMENTS (KOHA)
Koha item type Journals
Holdings
Withdrawn status Lost status Damaged status Not for loan Home library Current library Shelving location Date acquired Koha item type
      Journals RRII Library RRII Library Biotechnology 28/01/2009 Journals